[Event "Hradec Kralove op 9th"]
[Site "Hradec Kralove"]
[Date "2018.10.07"]
[Round "9"]
[White "Jedlickova, Petra"]
[Black "Kuru, Martin"]
[Result "1-0"]
[WhiteElo "1774"]
[BlackElo "1877"]
[PlyCount "69"]
[EventDate "2018.09.30"]
[EventType "swiss"]
[EventRounds "9"]
[EventCountry "CZE"]
[SourceTitle "CBM 186 Extra"]
[Source "ChessBase"]
[SourceDate "2018.08.24"]
[SourceVersion "1"]
[SourceVersionDate "2018.08.24"]
[SourceQuality "1"]

1. c4 c6 2. g3 d5 3. cxd5 cxd5 4. d4 Nf6 5. Bg2 Nc6 6. Nc3 e6 7. Nf3 Be7 8. 0-0 0-0 9. Bf4 Qb6 10. b3 Bd7 11. a3 Rac8 12. Na4 Qa5 13. b4 Qd8 14. Nc5 b6 15. Nb7 Qe8 16. b5 Na5 17. Nd6 Bxd6 18. Bxd6 Bxb5 19. Bxf8 Qxf8 20. Ne5 Nc4 21. a4 Ba6 22. Nd3 g6 23. Re1 Nd6 24. Rc1 Bc4 25. Ne5 Qe7 26. Bf1 a6 27. e3 b5 28. Nxc4 dxc4 29. f3 b4 30. e4 e5 31. d5 a5 32. Qd2 Qd7 33. Qg5 Kg7 34. Qxe5 b3 35. Qd4 1-0

[Event "Nachod op 11th"]
[Site "Nachod"]
[Date "2013.07.05"]
[Round "7"]
[White "Kuru, Martin"]
[Black "Lorenc, Tomas"]
[Result "0-1"]
[WhiteElo "1834"]
[BlackElo "2085"]
[PlyCount "60"]
[EventDate "2013.06.29"]
[EventType "swiss"]
[EventRounds "9"]
[EventCountry "CZE"]
[SourceTitle "CBM 155 Extra"]
[Source "ChessBase"]
[SourceDate "2013.08.26"]
[SourceVersion "1"]
[SourceVersionDate "2013.08.26"]
[SourceQuality "1"]

1. d4 Nf6 2. Bg5 Ne4 3. Bh4 c5 4. f3 g5 5. fxe4 gxh4 6. e3 Qb6 7. Nc3 Nc6 8. Nf3 Qxb2 9. Nd5 Nb4 10. Nxb4 Qxb4+ 11. Kf2 h3 12. g3 cxd4 13. exd4 d5 14. Rb1 Qd6 15. e5 Qc7 16. Bb5+ Bd7 17. e6 fxe6 18. Ne5 0-0-0 19. Bxd7+ Rxd7 20. Nxd7 Kxd7 21. Qd3 Bh6 22. Rhf1 a6 23. Qb3 b5 24. Ke2 Rc8 25. Kd3 Qa5 26. c3 Rc4 27. Rf7 e5 28. Rd1 exd4 29. cxd4 Qb6 30. Qb2 Qg6+ 0-1

[Event "Nachod op"]
[Site "Nachod"]
[Date "2012.07.06"]
[Round "7"]
[White "Lochman, Vaclav"]
[Black "Kuru, Martin"]
[Result "1-0"]
[WhiteElo "2018"]
[BlackElo "1852"]
[PlyCount "77"]
[EventDate "2012.06.30"]
[EventType "swiss"]
[EventRounds "9"]
[EventCountry "CZE"]
[SourceTitle "CBM 149 Extra"]
[Source "ChessBase"]
[SourceDate "2012.08.24"]
[SourceVersion "1"]
[SourceVersionDate "2012.08.24"]
[SourceQuality "1"]

1. e4 c6 2. d4 d5 3. exd5 cxd5 4. Bd3 Nf6 5. c3 Nc6 6. Bf4 e6 7. Nf3 Bd6 8. Bxd6 Qxd6 9. 0-0 0-0 10. Nbd2 Bd7 11. Re1 Rfc8 12. a3 a6 13. h3 Na5 14. Ne5 Be8 15. Re3 b5 16. Rf3 Nc4 17. Ng4 Nd7 18. Qc2 f5 19. Ne3 Nf6 20. Re1 Ne4 21. Ndf1 Bg6 22. h4 Rf8 23. Rh3 Rac8 24. h5 Be8 25. f3 Nf6 26. Bxf5 Nxe3 27. Nxe3 exf5 28. Nxf5 Qb8 29. Ne7+ Kh8 30. Nxc8 Qxc8 31. Re5 Qd7 32. Qe2 Rf7 33. g4 h6 34. Rh2 Kg8 35. Qe3 Kh7 36. Re2 Rf8 37. Re6 Bf7 38. Rxa6 Re8 39. Qd3+ 1-0

[Event "Nachod op"]
[Site "Nachod"]
[Date "2012.07.03"]
[Round "4"]
[White "Kuru, Martin"]
[Black "Dolezalova, Lada"]
[Result "1-0"]
[WhiteElo "1852"]
[BlackElo "1648"]
[PlyCount "87"]
[EventDate "2012.06.30"]
[EventType "swiss"]
[EventRounds "9"]
[EventCountry "CZE"]
[SourceTitle "CBM 149 Extra"]
[Source "ChessBase"]
[SourceDate "2012.08.24"]
[SourceVersion "1"]
[SourceVersionDate "2012.08.24"]
[SourceQuality "1"]

1. e4 e6 2. d4 d5 3. exd5 exd5 4. Bd3 Bd6 5. Nf3 Nc6 6. Nc3 Nge7 7. Nb5 a6 8. Nxd6+ Qxd6 9. h3 0-0 10. 0-0 h6 11. Re1 Bf5 12. c3 Rfe8 13. Qc2 Bg6 14. Bd2 Bxd3 15. Qxd3 Ng6 16. Qf5 Rad8 17. h4 Nce7 18. Qc2 Qf6 19. h5 Nf4 20. Bxf4 Qxf4 21. Ne5 Qh4 22. Re3 Qxh5 23. Rae1 Nf5 24. R3e2 Re6 25. g4 Qg5 26. Qxf5 Qxf5 27. gxf5 Rf6 28. Nd3 Rxf5 29. Re7 Rd6 30. R1e3 Rg6+ 31. Kf1 Rc6 32. R7e5 Rxe5 33. Rxe5 Rd6 34. Re7 Rc6 35. Ne5 Rb6 36. b4 Re6 37. Rxc7 b5 38. Rc8+ Kh7 39. Nxf7 Kg6 40. Ne5+ Kg5 41. Rd8 Re7 42. Rxd5 Rc7 43. Rc5 Re7 44. Nc6+ 1-0

[Event "OP-2011-0-01456"]
[Site "LSS email"]
[Date "2011.03.23"]
[Round "?"]
[White "Kuru, Martin"]
[Black "Broniek, Mariusz Maciej"]
[Result "0-1"]
[WhiteElo "1870"]
[BlackElo "1498"]
[PlyCount "42"]
[EventDate "2011.03.20"]
[EventType "tourn (corr)"]
[EventRounds "4"]
[EventCountry "GER"]
[SourceTitle "Telechess CBM 147"]
[Source "ChessBase"]
[SourceDate "2012.03.16"]
[SourceVersion "1"]
[SourceVersionDate "2012.03.16"]
[SourceQuality "1"]

1. e4 c5 2. c3 Nf6 3. e5 Nd5 4. d4 e6 5. Nf3 cxd4 6. cxd4 d6 7. Nc3 Nxc3 8. bxc3 Qc7 9. Qb3 Nc6 10. Bf4 d5 11. Bd3 Be7 12. 0-0 Na5 13. Qc2 h6 14. Rfc1 Bd7 15. Rab1 Ba3 16. Re1 Rc8 17. Bd2 Be7 18. Rec1 0-0 19. h3 Nc4 20. Bxc4 dxc4 21. Qb2 Bc6 0-1